000 00918nam a2200217Ia 4500
001 18202
003 GE_BSU
008 181216s||||||||xx |||||||||||||| ||und||
040 _cGE_BSU
080 _a821.353.1(072)
100 _aროდონაია,ვახტანგ., ვაშაკიძე,ლალი., არაბული,ავთ., მირიანაშვილი, მარიამ.
245 _aმასწავლებლის სახელმძღვანელო ქართულ ენაში. 3კლ.
260 _aთბილისი
260 _bსაქართველოს მაცნე
260 _c2008
300 _a115გვ.29სმ.
541 _h5ლ.
653 _aმასწავლებლის სახელმძღვანელო ქართულ ენაში
653 _aქართული ენა
942 _cBK
999 _c51242
_d51242